|
|
|
|
| LEADER |
00000cam a2200000 7i4500 |
| 001 |
0000008920 |
| 005 |
20091228093000.0 |
| 008 |
021119s1986 |
| 090 |
0 |
0 |
|a RT41
|b .T37 1986
|
| 245 |
0 |
0 |
|a Tatacara perawatan :
|b untuk jururawat pelatih dan pelajar-pelajar para perubatan
|c oleh pegawai-pegawai dan para pengajar Kementerian Kesihatan Malaysia
|
| 260 |
2 |
|
|a Kuala Lumpur :
|b Dewan Bahasa dan Pustaka ,
|c 1986
|
| 300 |
|
|
|a xviii, 208 ms. ; ;
|c 22 sm.
|
| 650 |
|
0 |
|a Nursing
|
| 710 |
0 |
0 |
|a Malaysia .
|b Kementerian Kesihatan
|
| 999 |
|
|
|a 1000036688
|b Book
|c OPEN SHELF (30 DAYS)
|e Gong Badak Campus
|